000 00831nam a2200205 a 4500
003 0
005 20250616143240.0
008 021115s19uu xx 00 eng d
050 _aPGS LB 1051
_b.P322 1999
100 _aPattugalan, Rica Luz M.
245 _aThe relationship of socio-economic status, peer groups, study habits to grade 6 students of Southville International School /
_cRica Luz M. Pattugalan.
260 _aLas PiƱas City, Philippines :
_bSouthville International School and Colleges,
_c1999.
300 _a38 pages :
_bcolored illustrations ;
_c28 cm.
504 _aIncludes bibliographical references.
650 _aAcademic achievement
_vSocial aspects.
650 _aStudy skills
_vCase studies.
650 _aPeer groups
_vInfluence.
650 _aSocial status
_vEducational aspects.
942 _2lcc
_cPASS
999 _c96188
_d96188